[Event "Las Palmas Montalvo Memorial 5th"]
[Site "Las Palmas"]
[Date "2012.04.05"]
[Round "5"]
[White "Diaz Martin, Carolina"]
[Black "Guerrero Ruiz, Jose Luis"]
[Result "0-1"]
[WhiteElo "1469"]
[BlackElo "1744"]
[PlyCount "90"]
[EventDate "2012.04.02"]
[EventType "swiss"]
[EventRounds "9"]
[EventCountry "ESP"]
[SourceTitle "CBM 147 Extra"]
[Source "ChessBase"]
[SourceDate "2012.04.24"]
[SourceVersion "1"]
[SourceVersionDate "2012.04.24"]
[SourceQuality "1"]

1. e4 d6 2. Nf3 Bg4 3. h3 Bh5 4. Nc3 Nc6 5. Be2 h6 6. d4 e6 7. Bb5 a6 8. Bxc6+ bxc6 9. g4 Bg6 10. Be3 Rb8 11. b3 Nf6 12. e5 Nd5 13. Nxd5 cxd5 14. 0-0 h5 15. Nh2 hxg4 16. hxg4 Qh4 17. Bf4 dxe5 18. Bg3 Qh3 19. Qe1 f6 20. f3 Bb4 21. Qf2 Bc3 22. Qg2 Bxd4+ 23. Bf2 Bxa1 24. Qxh3 Rxh3 25. Kg2 Rh7 26. Rxa1 Kd7 27. Rc1 e4 28. fxe4 Bxe4+ 29. Kg3 Rbh8 30. Bg1 Rh3+ 31. Kf2 Rxh2+ 32. Bxh2 Rxh2+ 33. Kg3 Rg2+ 34. Kh4 g5+ 35. Kh3 Rxc2 36. Rxc2 Bxc2 37. Kg3 d4 38. Kf2 d3 39. Ke3 f5 40. gxf5 exf5 41. a3 g4 42. a4 g3 43. b4 c6 44. a5 f4+ 45. Kd2 g2 0-1

[Event "Las Palmas Montalvo Memorial 5th"]
[Site "Las Palmas"]
[Date "2012.04.05"]
[Round "4"]
[White "Guerrero Ruiz, Jose Luis"]
[Black "Suarez Ramirez, Jonay"]
[Result "1/2-1/2"]
[WhiteElo "1744"]
[BlackElo "1492"]
[PlyCount "123"]
[EventDate "2012.04.02"]
[EventType "swiss"]
[EventRounds "9"]
[EventCountry "ESP"]
[SourceTitle "CBM 147 Extra"]
[Source "ChessBase"]
[SourceDate "2012.04.24"]
[SourceVersion "1"]
[SourceVersionDate "2012.04.24"]
[SourceQuality "1"]

1. d4 Nf6 2. Nc3 d5 3. h3 Bf5 4. g4 Bd7 5. Bg2 e6 6. Bg5 g6 7. e4 h6 8. Bxf6 Qxf6 9. exd5 exd5 10. Nxd5 Qd6 11. Qf3 Bg7 12. 0-0-0 0-0 13. Qf4 Qxf4+ 14. Nxf4 Nc6 15. c3 Na5 16. b4 Nc6 17. Bd5 Kh7 18. Nf3 g5 19. Nd3 Rab8 20. Nfe5 Nxe5 21. Nxe5 Bxe5 22. dxe5 Be6 23. Bxe6 fxe6 24. Rd7+ Kg6 25. Rf1 Rbc8 26. Kd2 Rcd8 27. Rxd8 Rxd8+ 28. Kc2 Rd5 29. Re1 b5 30. Re2 c5 31. c4 bxc4 32. bxc5 Rxc5 33. Kc3 Rd5 34. Kxc4 h5 35. a4 hxg4 36. hxg4 Ra5 37. Kb4 Rd5 38. Re4 a6 39. Kc4 a5 40. Kc3 Kh6 41. Re3 Kg6 42. Kc4 Kh6 43. f3 Kg6 44. Re2 Kg7 45. Rb2 Rxe5 46. Rb5 Re3 47. Rxg5+ Kf6 48. Rg8 Kf7 49. Rg5 Rxf3 50. Kb5 Rd3 51. Kxa5 Rd4 52. Kb5 Kf6 53. Rg8 Rd5+ 54. Kb6 Rd6+ 55. Kc5 Rd5+ 56. Kc6 Ra5 57. Rf8+ Ke5 58. Rf1 Rxa4 59. g5 Rg4 60. Re1+ Kf5 61. Kd6 Rxg5 62. Rf1+ 1/2-1/2

[Event "Las Palmas Insular-chT Primera-A"]
[Site "Las Palmas"]
[Date "2012.03.24"]
[Round "14.2"]
[White "Ortiz Perez, Hector"]
[Black "Guerrero Ruiz, Jose Luis"]
[Result "1/2-1/2"]
[WhiteElo "1958"]
[BlackElo "1739"]
[PlyCount "116"]
[EventDate "2011.11.12"]
[EventType "team-tourn"]
[EventRounds "14"]
[EventCountry "ESP"]
[SourceTitle "EXT 2013"]
[Source "ChessBase"]
[SourceDate "2012.11.22"]
[SourceVersion "1"]
[SourceVersionDate "2012.11.22"]
[SourceQuality "1"]
[WhiteTeam "Panaderia Pulido San Mateo"]
[BlackTeam "Canarias de Vecindario"]
[WhiteTeamCountry "ESP"]
[BlackTeamCountry "ESP"]

1. e4 e5 2. Nf3 Nc6 3. Bb5 a6 4. Ba4 Nf6 5. 0-0 Nxe4 6. Re1 Nc5 7. Bxc6 dxc6 8. Nxe5 Be6 9. d4 Nd7 10. Nd3 Nf6 11. Nf4 Qd7 12. Nxe6 fxe6 13. Qe2 0-0-0 14. c3 c5 15. dxc5 Bxc5 16. Be3 Bxe3 17. Qxe3 Kb8 18. Na3 Qd2 19. Nc4 Qxe3 20. Rxe3 b5 21. Ne5 Rd2 22. Rb1 Kb7 23. Nf3 Rd6 24. Rbe1 Re8 25. Nd4 Kb6 26. Rxe6 Rexe6 27. Rxe6 a5 28. Rxd6+ cxd6 29. Nf5 Kc5 30. Nxg7 a4 31. Nf5 Ne4 32. Kf1 a3 33. bxa3 Nxc3 34. Ke1 d5 35. g4 d4 36. f3 Nxa2 37. Kd2 Kc4 38. Nd6+ Kc5 39. Ne4+ Kc4 40. Kc2 b4 41. axb4 Nxb4+ 42. Kd2 d3 43. g5 Nc6 44. f4 Nd4 45. Nf6 Nf3+ 46. Kd1 Nxh2 47. Nxh7 Ng4 48. Nf6 Ne3+ 49. Kd2 Kd4 50. g6 Nf5 51. Ne8 Ke4 52. Nd6+ Nxd6 53. g7 Nc4+ 54. Kd1 Ke3 55. g8Q Nb2+ 56. Kc1 d2+ 57. Kxb2 d1Q 58. Qc4 Qd4+ 1/2-1/2

[Event "Las Palmas Insular-chT Primera-A"]
[Site "Las Palmas"]
[Date "2012.02.25"]
[Round "10.2"]
[White "Guerrero Ruiz, Jose Luis"]
[Black "Diaz Perez, Jose Juan"]
[Result "1/2-1/2"]
[WhiteElo "1739"]
[BlackElo "1749"]
[PlyCount "25"]
[EventDate "2011.11.12"]
[EventType "team-tourn"]
[EventRounds "14"]
[EventCountry "ESP"]
[SourceTitle "EXT 2013"]
[Source "ChessBase"]
[SourceDate "2012.11.22"]
[SourceVersion "1"]
[SourceVersionDate "2012.11.22"]
[SourceQuality "1"]
[WhiteTeam "Canarias de Vecindario"]
[BlackTeam "Claudio Mendoza"]
[WhiteTeamCountry "ESP"]
[BlackTeamCountry "ESP"]

1. d4 Nf6 2. c4 e5 3. dxe5 Ng4 4. Bf4 Nc6 5. Nf3 Bb4+ 6. Nc3 Qe7 7. Qd5 0-0 8. h3 Nh6 9. e3 Re8 10. Bd3 Qf8 11. Nd4 Ne7 12. Qf3 Ng6 13. Bxg6 1/2-1/2

[Event "La Caja Vecindario-A"]
[Site "La Caja de Vecindario"]
[Date "2011.09.22"]
[Round "6.1"]
[White "Holubansky, Jakub"]
[Black "Guerrero Ruiz, Jose Luis"]
[Result "1-0"]
[WhiteElo "1606"]
[BlackElo "1752"]
[PlyCount "79"]
[EventDate "2011.09.15"]
[EventType "tourn"]
[EventRounds "7"]
[EventCountry "ESP"]
[SourceTitle "EXT 2024"]
[Source "ChessBase"]
[SourceDate "2023.10.10"]
[SourceVersion "1"]
[SourceVersionDate "2023.10.10"]
[SourceQuality "1"]

1. d4 d5 2. c4 e5 3. dxe5 d4 4. Nf3 Nc6 5. a3 f6 6. exf6 Nxf6 7. e3 Bg4 8. Be2 Qe7 9. Qc2 g6 10. Nxd4 Nxd4 11. exd4 0-0-0 12. Be3 Bg7 13. Nc3 Bf5 14. Qa4 a6 15. 0-0 Ng4 16. Bxg4 Bxg4 17. Nd5 Rxd5 18. cxd5 Rd8 19. Rac1 Rxd5 20. Rfe1 Bd7 21. Qc4 Bc6 22. Bh6 Qf7 23. Bxg7 Qxg7 24. Rcd1 Qd7 25. Qe2 Rg5 26. g3 Kb8 27. Qe6 Qd8 28. d5 Bxd5 29. Qe8 Qxe8 30. Rxe8+ Ka7 31. Rde1 c6 32. R8e5 Rxe5 33. Rxe5 Kb6 34. f4 h6 35. Kf2 Kc5 36. Ke2 a5 37. Kd2 b5 38. Kc3 a4 39. g4 Kd6 40. Kd4 1-0

[Event "La Caja Vecindario-A"]
[Site "La Caja de Vecindario"]
[Date "2011.09.15"]
[Round "1.2"]
[White "Rodriguez Manzaneda, Irene"]
[Black "Guerrero Ruiz, Jose Luis"]
[Result "1-0"]
[WhiteElo "1634"]
[BlackElo "1752"]
[PlyCount "94"]
[EventDate "2011.09.15"]
[EventType "tourn"]
[EventRounds "7"]
[EventCountry "ESP"]
[SourceTitle "EXT 2024"]
[Source "ChessBase"]
[SourceDate "2023.10.10"]
[SourceVersion "1"]
[SourceVersionDate "2023.10.10"]
[SourceQuality "1"]

1. e4 d5 2. exd5 Qxd5 3. Nc3 Qa5 4. g3 Nc6 5. Bg2 Nf6 6. Nge2 Bf5 7. d4 Rd8 8. Bd2 Qb6 9. Be3 e6 10. Na4 Qa6 11. b3 Nb4 12. Rc1 Be4 13. Bxe4 Nxe4 14. c4 c5 15. a3 cxd4 16. Nxd4 Nc6 17. Qc2 Bxa3 18. Ra1 Bb4+ 19. Kf1 Nxd4 20. Qxe4 Nxb3 21. Ra2 f5 22. Qc2 Nd2+ 23. Bxd2 Rxd2 24. Qb3 Rxa2 25. Qxa2 Kf7 26. Qb3 Be7 27. Kg2 Rc8 28. Rc1 Qc6+ 29. Kg1 b6 30. Nb2 b5 31. Nd3 Qe4 32. c5 a6 33. c6 Bd6 34. Qc3 b4 35. Qc2 a5 36. Re1 Qxc6 37. Qe2 Bb8 38. Qh5+ Kg8 39. Qe2 e5 40. Qa2+ Qc4 41. Qb1 e4 42. Nb2 Qb3 43. Re2 a4 44. Re3 Qc2 45. Qa2+ b3 46. Qxa4 Qxb2 47. Rxb3 Qxf2+ 1-0

[Event "Gran Canaria CupT"]
[Site "Gran Canaria"]
[Date "2011.06.03"]
[Round "3.3"]
[White "Guerrero Ruiz, Jose Luis"]
[Black "Gonzalez Acosta, Angel"]
[Result "1/2-1/2"]
[WhiteElo "1763"]
[BlackElo "2065"]
[PlyCount "69"]
[EventDate "2011.06.02"]
[EventType "team-tourn"]
[EventRounds "7"]
[EventCountry "ESP"]
[SourceTitle "CBM 142 Extra"]
[Source "ChessBase"]
[SourceDate "2011.06.27"]
[SourceVersion "1"]
[SourceVersionDate "2011.06.27"]
[SourceQuality "1"]
[WhiteTeam "Vecindario CajaCanarias"]
[BlackTeam "Sociedad Democracia"]
[WhiteTeamCountry "ESP"]
[BlackTeamCountry "ESP"]

1. d4 Nf6 2. c4 e6 3. Nc3 Bb4 4. Bg5 c5 5. a3 Bxc3+ 6. bxc3 Qa5 7. Qd3 Ne4 8. Bd2 Nxd2 9. Qxd2 cxd4 10. cxd4 Qxd2+ 11. Kxd2 Nc6 12. e3 b6 13. Rb1 Ba6 14. Nf3 Na5 15. c5 Bxf1 16. Rhxf1 Ke7 17. cxb6 Nc4+ 18. Kd3 Nxb6 19. Rfc1 Rhc8 20. Nd2 Rab8 21. h4 d5 22. Rxc8 Rxc8 23. Nb3 Na4 24. Nc5 Nxc5+ 25. dxc5 Rc7 26. Kd4 Kd7 27. h5 h6 28. a4 f6 29. Rb8 Kc6 30. f4 Re7 31. Rc8+ Kb7 32. Rd8 Kc7 33. Rd6 Re8 34. Ra6 Kb7 35. Rd6 1/2-1/2

[Event "Agueimes op 1st"]
[Site "Agueimes"]
[Date "2011.04.24"]
[Round "1"]
[White "Schnelzer, Reinhold"]
[Black "Guerrero Ruiz, Jose Luis"]
[Result "1-0"]
[WhiteElo "2268"]
[BlackElo "1778"]
[PlyCount "69"]
[EventDate "2011.04.24"]
[EventType "swiss"]
[EventRounds "5"]
[EventCountry "ESP"]
[SourceTitle "CBM 142 Extra"]
[Source "ChessBase"]
[SourceDate "2011.06.27"]
[SourceVersion "1"]
[SourceVersionDate "2011.06.27"]
[SourceQuality "1"]

1. Nf3 Nf6 2. c4 e6 3. g3 d5 4. d4 dxc4 5. Bg2 c5 6. 0-0 Nbd7 7. Na3 Nb6 8. Nxc4 Be7 9. Bf4 Nfd5 10. Rc1 Nxf4 11. gxf4 cxd4 12. Nxd4 Nd5 13. e3 Bd7 14. Ne5 Bf6 15. Qb3 Bxe5 16. fxe5 Bc8 17. Nb5 0-0 18. Nd6 b6 19. f4 Rb8 20. e4 Nc7 21. Qc3 Na6 22. Rfd1 Qd7 23. Bf1 Nc5 24. Bb5 Qe7 25. b4 a6 26. Bf1 Nd7 27. Nxc8 Rbxc8 28. Qxc8 Rxc8 29. Rxc8+ Nf8 30. Rdd8 g6 31. Rxf8+ Kg7 32. Rg8+ Kh6 33. Rc3 Kh5 34. Be2+ Kh4 35. Kg2 1-0

[Event "Las Palmas Insular-chT Pref-B"]
[Site "Las Palmas"]
[Date "2011.03.26"]
[Round "10.2"]
[White "Guerrero Ruiz, Jose Luis"]
[Black "Suarez Pazos, Alberto"]
[Result "1-0"]
[WhiteElo "1778"]
[BlackElo "1761"]
[PlyCount "61"]
[EventDate "2011.01.15"]
[EventType "team-tourn"]
[EventRounds "14"]
[EventCountry "ESP"]
[SourceTitle "EXT 2012"]
[Source "ChessBase"]
[SourceDate "2011.11.24"]
[SourceVersion "1"]
[SourceVersionDate "2011.11.24"]
[SourceQuality "1"]
[WhiteTeam "La Caja de Vecindario II"]
[BlackTeam "Anand Iberia II"]
[WhiteTeamCountry "ESP"]
[BlackTeamCountry "ESP"]

1. e4 Nf6 2. Nc3 d5 3. e5 Ne4 4. d4 Nxc3 5. bxc3 c5 6. Bb5+ Bd7 7. Rb1 Bxb5 8. Rxb5 Qd7 9. c4 a6 10. Rb1 dxc4 11. Nf3 e6 12. 0-0 b5 13. Be3 cxd4 14. Nxd4 Be7 15. Qg4 g6 16. Rbd1 Qb7 17. c3 0-0 18. Bh6 Rd8 19. Nxe6 Rxd1 20. Rxd1 Nc6 21. f4 Qc8 22. f5 Nxe5 23. Qg3 Bf6 24. Nf4 Qxf5 25. Nd5 Nd3 26. Nxf6+ Qxf6 27. Rf1 Qb6+ 28. Be3 Qd8 29. Qf3 Qe8 30. Bd4 Qe6 31. Qxa8+ 1-0

[Event "Las Palmas Insular-chT Pref-B"]
[Site "Las Palmas"]
[Date "2011.03.19"]
[Round "9.1"]
[White "Guerrero Ruiz, Jose Luis"]
[Black "Alonso Valiente, Alexis"]
[Result "0-1"]
[WhiteElo "1778"]
[BlackElo "2041"]
[PlyCount "64"]
[EventDate "2011.01.15"]
[EventType "team-tourn"]
[EventRounds "14"]
[EventCountry "ESP"]
[SourceTitle "EXT 2012"]
[Source "ChessBase"]
[SourceDate "2011.11.24"]
[SourceVersion "1"]
[SourceVersionDate "2011.11.24"]
[SourceQuality "1"]
[WhiteTeam "La Caja de Vecindario II"]
[BlackTeam "Claudio Mendoza"]
[WhiteTeamCountry "ESP"]
[BlackTeamCountry "ESP"]

1. e4 c5 2. Nc3 a6 3. a4 e6 4. Nf3 Qc7 5. g3 Nc6 6. Bg2 Nf6 7. d3 Be7 8. 0-0 0-0 9. Bg5 d6 10. h4 Bd7 11. Nh2 Nd4 12. Ne2 Rfc8 13. c3 Nc6 14. Rc1 b5 15. Qc2 Rab8 16. Ra1 bxa4 17. Rxa4 Qb6 18. Ra2 e5 19. Bxf6 Bxf6 20. Qa4 a5 21. Rb1 Nd4 22. Qxa5 Nxe2+ 23. Kf1 Qxa5 24. Rxa5 Nxc3 25. Rc1 Nb5 26. Nf3 Bg4 27. Nd2 Nd4 28. f3 Be6 29. Nc4 Nb3 30. Rca1 Bxc4 31. dxc4 Nxa5 32. Rxa5 Rxb2 0-1

[Event "Las Palmas Insular-chT Pref-B"]
[Site "Las Palmas"]
[Date "2011.02.26"]
[Round "7.1"]
[White "Rodriguez Melian, Jose Luis"]
[Black "Guerrero Ruiz, Jose Luis"]
[Result "1-0"]
[WhiteElo "2141"]
[BlackElo "1778"]
[PlyCount "76"]
[EventDate "2011.01.15"]
[EventType "team-tourn"]
[EventRounds "14"]
[EventCountry "ESP"]
[SourceTitle "EXT 2012"]
[Source "ChessBase"]
[SourceDate "2011.11.24"]
[SourceVersion "1"]
[SourceVersionDate "2011.11.24"]
[SourceQuality "1"]
[WhiteTeam "Sancho de Vargas"]
[BlackTeam "La Caja de Vecindario II"]
[WhiteTeamCountry "ESP"]
[BlackTeamCountry "ESP"]

1. d4 d5 2. c4 c6 3. cxd5 cxd5 4. Nc3 Nf6 5. Bf4 e6 6. e3 a6 7. Bd3 Bd6 8. Bg3 Nc6 9. Nf3 b5 10. Ne5 Bb7 11. Rc1 0-0 12. Nxb5 axb5 13. Nxc6 Bxc6 14. Rxc6 Bb4+ 15. Ke2 Rxa2 16. Qb3 Qa5 17. Bb1 Ra1 18. Rhc1 g6 19. Bd3 Ra2 20. Qc2 Ba3 21. Rb1 Ne8 22. Qb3 Bb4 23. f3 Qa4 24. Qc2 Ng7 25. Rb6 Qxc2+ 26. Bxc2 Rc8 27. Bd3 Nf5 28. Bf4 Bc3 29. Rxb5 Bxd4 30. Bxf5 Bxe3 31. Bxe3 gxf5 32. Rc5 Rb8 33. Bd4 h5 34. Kd3 Kh7 35. Rc2 Kg6 36. b4 Rxc2 37. Kxc2 f6 38. f4 Rc8+ 1-0

[Event "Las Palmas Insular-chT Pref-B"]
[Site "Las Palmas"]
[Date "2011.02.12"]
[Round "5.1"]
[White "Padilla Socorro, Jesus"]
[Black "Guerrero Ruiz, Jose Luis"]
[Result "1-0"]
[WhiteElo "1775"]
[BlackElo "1778"]
[PlyCount "55"]
[EventDate "2011.01.15"]
[EventType "team-tourn"]
[EventRounds "14"]
[EventCountry "ESP"]
[SourceTitle "EXT 2012"]
[Source "ChessBase"]
[SourceDate "2011.11.24"]
[SourceVersion "1"]
[SourceVersionDate "2011.11.24"]
[SourceQuality "1"]
[WhiteTeam "Telde Los Llanos III"]
[BlackTeam "La Caja de Vecindario II"]
[WhiteTeamCountry "ESP"]
[BlackTeamCountry "ESP"]

1. e4 c5 2. Nf3 Nc6 3. d4 cxd4 4. Nxd4 Nf6 5. Nc3 a6 6. Bg5 e5 7. Nf5 Bb4 8. Nxg7+ Kf8 9. Nh5 Be7 10. Bh6+ Kg8 11. Nxf6+ Bxf6 12. Qg4+ Bg5 13. Bxg5 d6 14. Qg3 Qd7 15. Bf6+ Qg4 16. Qxg4+ Bxg4 17. Bxh8 Kxh8 18. Be2 Be6 19. 0-0-0 Nd4 20. f4 Rc8 21. fxe5 dxe5 22. Bd3 b5 23. Ne2 Nxe2+ 24. Bxe2 Bxa2 25. Rd6 Bb3 26. c3 b4 27. Bxa6 Kg8 28. Bxc8 1-0

[Event "Mem Pedro Lezca 4th"]
[Site "Gran Canaria"]
[Date "2011.02.08"]
[Round "3.11"]
[White "Guerrero Ruiz, Jose Luis"]
[Black "Biscarri Candalia, Oscar"]
[Result "1-0"]
[WhiteElo "1778"]
[BlackElo "1527"]
[PlyCount "79"]
[EventDate "2011.02.01"]
[EventType "swiss"]
[EventRounds "6"]
[EventCountry "ESP"]
[SourceTitle "EXT 2024"]
[Source "ChessBase"]
[SourceDate "2023.10.10"]
[SourceVersion "1"]
[SourceVersionDate "2023.10.10"]
[SourceQuality "1"]

1. d4 d5 2. Nf3 Nf6 3. Bf4 Bf5 4. e3 e6 5. Nbd2 Nbd7 6. c4 Be7 7. Ne5 0-0 8. a3 c6 9. g4 Bg6 10. Ndf3 Be4 11. Bd3 Nxe5 12. Bxe5 dxc4 13. Bxc4 h6 14. Rg1 Nd5 15. Bg3 Qa5+ 16. Nd2 Bh7 17. Rc1 Rad8 18. Kf1 Bg5 19. Nb3 Qb6 20. Qe2 a6 21. h4 Be7 22. Be5 f6 23. Bh2 Bg6 24. a4 Bf7 25. a5 Qa7 26. Bd3 Kh8 27. Qf3 Bd6 28. Qe4 Bg8 29. Bxd6 Rxd6 30. g5 f5 31. Qe5 Rd7 32. gxh6 Nf6 33. Nc5 Re7 34. hxg7+ Rxg7 35. Rxg7 Kxg7 36. Nxe6+ Bxe6 37. Qxe6 Qb8 38. Qxf5 Qe8 39. Qg5+ Kf7 40. Bg6+ 1-0

[Event "Las Palmas Insular-chT Pref-B"]
[Site "Las Palmas"]
[Date "2011.01.29"]
[Round "3.1"]
[White "Guerrero Ruiz, Jose Luis"]
[Black "Sanchez Quintero, Raul"]
[Result "0-1"]
[WhiteElo "1778"]
[BlackElo "2054"]
[PlyCount "24"]
[EventDate "2011.01.15"]
[EventType "team-tourn"]
[EventRounds "14"]
[EventCountry "ESP"]
[SourceTitle "EXT 2012"]
[Source "ChessBase"]
[SourceDate "2011.11.24"]
[SourceVersion "1"]
[SourceVersionDate "2011.11.24"]
[SourceQuality "1"]
[WhiteTeam "La Caja de Vecindario II"]
[BlackTeam "Anand Iberia II"]
[WhiteTeamCountry "ESP"]
[BlackTeamCountry "ESP"]

1. e4 c5 2. Nc3 e6 3. f4 a6 4. Nf3 b5 5. d3 Bb7 6. Be2 b4 7. Nb1 d5 8. e5 Nh6 9. Be3 Nf5 10. Bf2 h5 11. d4 Nd7 12. Nh4 Nxh4 0-1

[Event "Las Palmas op"]
[Site "Las Palmas"]
[Date "2010.12.06"]
[Round "7"]
[White "Alvarado Diaz, Alejandro"]
[Black "Guerrero Ruiz, Jose Luis"]
[Result "1-0"]
[WhiteElo "2101"]
[BlackElo "1772"]
[PlyCount "89"]
[EventDate "2010.12.02"]
[EventType "swiss"]
[EventRounds "9"]
[EventCountry "ESP"]
[SourceTitle "CBM 139 Extra"]
[Source "ChessBase"]
[SourceDate "2011.01.05"]
[SourceVersion "1"]
[SourceVersionDate "2011.01.05"]
[SourceQuality "1"]

1. g3 d5 2. Bg2 e5 3. d3 Nf6 4. Nf3 Nc6 5. 0-0 Bg4 6. c3 Qd7 7. b4 Bd6 8. a3 0-0 9. Bb2 Bh3 10. c4 Bxg2 11. Kxg2 d4 12. Nbd2 Rfe8 13. Nb3 b6 14. Rc1 Bf8 15. Ne1 Qg4 16. e4 Qxd1 17. Rxd1 Nxb4 18. axb4 Bxb4 19. Nc2 Bd6 20. f4 c5 21. Ra1 exf4 22. gxf4 Nh5 23. Bc1 f6 24. Ra6 Re7 25. Na3 Rae8 26. Nb5 Bb8 27. Bd2 g6 28. Kf3 Rf7 29. Rfa1 Rfe7 30. Nc1 Ng7 31. Ne2 h5 32. Be1 Ne6 33. Bg3 h4 34. Bxh4 Nxf4 35. Nxf4 Bxf4 36. Kxf4 g5+ 37. Kf3 gxh4 38. Rxa7 f5 39. Rxe7 fxe4+ 40. Kxe4 Rxe7+ 41. Kd5 Re3 42. Kc6 Rh3 43. Kxb6 Rxh2 44. Kxc5 Rg2 45. Rh1 1-0

[Event "Las Palmas op"]
[Site "Las Palmas"]
[Date "2010.12.05"]
[Round "4"]
[White "Guerrero Ruiz, Jose Luis"]
[Black "Sanchez Quintero, Raul"]
[Result "1-0"]
[WhiteElo "1772"]
[BlackElo "2088"]
[PlyCount "67"]
[EventDate "2010.12.02"]
[EventType "swiss"]
[EventRounds "9"]
[EventCountry "ESP"]
[SourceTitle "CBM 139 Extra"]
[Source "ChessBase"]
[SourceDate "2011.01.05"]
[SourceVersion "1"]
[SourceVersionDate "2011.01.05"]
[SourceQuality "1"]

1. e4 e5 2. d4 exd4 3. Qxd4 Nc6 4. Qe3 Bb4+ 5. Nc3 d6 6. Bd2 Nf6 7. 0-0-0 0-0 8. h3 Re8 9. Qg3 Rxe4 10. a3 Bxc3 11. Bxc3 Re8 12. Bd3 Ne5 13. Bxe5 dxe5 14. Bxh7+ Kxh7 15. Rxd8 Rxd8 16. Nf3 e4 17. Ng5+ Kg8 18. Qxc7 Rd7 19. Qe5 Rd5 20. Qf4 Bd7 21. Nxe4 Nxe4 22. Qxe4 Bc6 23. Qg4 Rad8 24. Re1 Rd2 25. Qg5 R2d5 26. Qe3 R5d6 27. f3 a6 28. b3 g6 29. h4 Rd5 30. g4 R5d6 31. h5 Re6 32. Qc3 Rxe1+ 33. Qxe1 Bxf3 34. Qh4 1-0

[Event "Galdar op 2nd"]
[Site "Galdar"]
[Date "2010.11.18"]
[Round "6"]
[White "Aleman Alamo, Nicolas"]
[Black "Guerrero Ruiz, Jose Luis"]
[Result "0-1"]
[WhiteElo "1694"]
[BlackElo "1772"]
[PlyCount "46"]
[EventDate "2010.11.13"]
[EventType "swiss"]
[EventRounds "9"]
[EventCountry "ESP"]
[SourceTitle "CBM 139 Extra"]
[Source "ChessBase"]
[SourceDate "2011.01.05"]
[SourceVersion "1"]
[SourceVersionDate "2011.01.05"]
[SourceQuality "1"]

1. d4 d5 2. c4 e6 3. Nc3 Nf6 4. Nf3 c6 5. Bf4 dxc4 6. a4 Nd5 7. Bd2 b5 8. axb5 Nxc3 9. bxc3 cxb5 10. e3 Bb7 11. Be2 Bd6 12. 0-0 Nd7 13. Qc2 Nf6 14. Bc1 Ng4 15. h3 h5 16. Ba3 Bxa3 17. e4 Bd6 18. e5 Bc7 19. Nd2 Bxe5 20. hxg4 Bh2+ 21. Kxh2 Qh4+ 22. Kg1 hxg4 23. f3 g3 0-1

[Event "Canarias-ch"]
[Site "Vecindario"]
[Date "2010.06.12"]
[Round "3"]
[White "Roque Hernandez, Francisco"]
[Black "Guerrero Ruiz, Jose Luis"]
[Result "1-0"]
[WhiteElo "1626"]
[BlackElo "1780"]
[PlyCount "51"]
[EventDate "2010.06.10"]
[EventType "swiss"]
[EventRounds "5"]
[EventCountry "ESP"]
[SourceTitle "EXT 2012"]
[Source "ChessBase"]
[SourceDate "2011.11.24"]
[SourceVersion "1"]
[SourceVersionDate "2011.11.24"]
[SourceQuality "1"]

1. e4 c5 2. Nc3 Nc6 3. Nf3 a6 4. d4 cxd4 5. Nxd4 e5 6. Nf5 Bb4 7. Nd6+ Kf8 8. Bc4 Nf6 9. Nxf7 Qa5 10. 0-0 Qc5 11. Bb3 Rg8 12. Be3 Nd4 13. Na4 Qa7 14. c3 b5 15. cxd4 bxa4 16. dxe5 Qb7 17. Nd6 Qc7 18. Rc1 Qa5 19. exf6 axb3 20. fxg7+ Rxg7 21. a3 Bxd6 22. Qxd6+ Ke8 23. Bc5 Rf7 24. Qe5+ Kd8 25. Qh8+ Kc7 26. Bb4+ 1-0

[Event "Santa Cruz Cup-chT"]
[Site "Santa Cruz"]
[Date "2010.05.28"]
[Round "3"]
[White "Camino Carrio, Nicanor"]
[Black "Guerrero Ruiz, Jose Luis"]
[Result "1-0"]
[WhiteElo "2133"]
[BlackElo "1780"]
[PlyCount "47"]
[EventDate "2010.05.26"]
[EventType "team"]
[EventRounds "7"]
[EventCountry "ESP"]
[SourceTitle "CBM 136 Extra"]
[Source "ChessBase"]
[SourceDate "2010.07.02"]
[SourceVersion "2"]
[SourceVersionDate "2010.07.15"]
[SourceQuality "1"]
[WhiteTeam "Anand Iberia"]
[BlackTeam "La Caja de Canarias"]
[WhiteTeamCountry "ESP"]
[BlackTeamCountry "ESP"]

1. e4 c5 2. Nf3 Nc6 3. Bb5 a6 4. Bxc6 dxc6 5. h3 Qc7 6. 0-0 h5 7. d3 Bg4 8. Re1 0-0-0 9. Be3 e6 10. Nbd2 Nf6 11. e5 Nd7 12. hxg4 hxg4 13. Nh2 f5 14. Bg5 Nxe5 15. Bxd8 Kxd8 16. Ndf1 Bd6 17. d4 Nd7 18. g3 cxd4 19. Qxd4 Bc5 20. Qxg7 Rh3 21. Kg2 Qa5 22. Rad1 Qc7 23. Qg8+ Ke7 24. Rxe6# 1-0

[Event "Santa Cruz Cup-chT"]
[Site "Santa Cruz"]
[Date "2010.05.27"]
[Round "2"]
[White "Guerrero Ruiz, Jose Luis"]
[Black "Trujillo Alvarado, Ivan"]
[Result "1-0"]
[WhiteElo "1780"]
[BlackElo "2173"]
[PlyCount "101"]
[EventDate "2010.05.26"]
[EventType "team"]
[EventRounds "7"]
[EventCountry "ESP"]
[SourceTitle "CBM 136 Extra"]
[Source "ChessBase"]
[SourceDate "2010.07.02"]
[SourceVersion "2"]
[SourceVersionDate "2010.07.15"]
[SourceQuality "1"]
[WhiteTeam "La Caja de Canarias"]
[BlackTeam "Real Club Victoria"]
[WhiteTeamCountry "ESP"]
[BlackTeamCountry "ESP"]

1. d4 Nf6 2. Bf4 g6 3. Nf3 Bg7 4. e3 0-0 5. Be2 d6 6. h3 c6 7. 0-0 Nbd7 8. c3 b5 9. Nbd2 a6 10. Bh2 Bb7 11. Re1 Qb6 12. a4 Rfe8 13. a5 Qc7 14. c4 bxc4 15. Bxc4 Rab8 16. Qb3 e6 17. Qd3 Nd5 18. Ne4 Bf8 19. Qd2 N5f6 20. Qd3 Nxe4 21. Qxe4 c5 22. Qh4 Bxf3 23. gxf3 Rxb2 24. Bxa6 Ra8 25. Re2 Rxe2 26. Bxe2 Rxa5 27. Rxa5 Qxa5 28. dxc5 dxc5 29. Kg2 Qa8 30. Qc4 Nb6 31. Qb3 Qc6 32. Bb8 Nd7 33. Bc4 Bd6 34. Bxd6 Qxd6 35. Qa2 Ne5 36. Bb5 Qb6 37. Be2 Qc6 38. Qa1 Qd5 39. Qa5 Kg7 40. Qb5 Qd6 41. Qb2 f6 42. Qa3 Qc7 43. Qa2 c4 44. f4 c3 45. fxe5 c2 46. exf6+ Kf7 47. Bg4 c1Q 48. Qxe6+ Kf8 49. Bf3 Qf7 50. Qd6+ Ke8 51. Bc6+ 1-0